[Event "Reykjavik op"]
[Site "Reykjavik"]
[Date "2024.03.21"]
[Round "9"]
[White "Jonatansson, Sigurdur Freyr"]
[Black "De Castro, Manuel"]
[Result "1/2-1/2"]
[WhiteElo "1731"]
[BlackElo "1603"]
[PlyCount "130"]
[EventDate "2024.03.15"]
[EventType "swiss"]
[EventRounds "9"]
[EventCountry "ISL"]
[SourceTitle "CB13_2024"]
[SourceDate "2024.03.27"]
[SourceVersion "1"]
[SourceVersionDate "2024.03.27"]
[SourceQuality "1"]

1. e4 c5 2. Nf3 g6 3. d4 cxd4 4. Qxd4 Nf6 5. e5 Nc6 6. Qc3 Nd5 7. Qb3 e6 8. Nbd2 Qa5 9. Bc4 Nb6 10. Bb5 a6 11. Bxc6 bxc6 12. 0-0 Qb5 13. Qxb5 cxb5 14. Ne4 Bb7 15. Nf6+ Kd8 16. Ng5 Ke7 17. Be3 Nc8 18. Ngxh7 Bg7 19. Bg5 Kd8 20. Rad1 Bc6 21. Nxd7+ Kc7 22. Nhf6 Ne7 23. Rd2 Nd5 24. Nxd5+ Bxd5 25. Nf6 Bxf6 26. Bxf6 Rhc8 27. a3 Kb7 28. Be7 Rc4 29. b3 Rc3 30. Bb4 Rc6 31. Rb1 Rac8 32. c4 bxc4 33. bxc4 Rxc4 34. Bd6+ Ka8 35. f3 Rc1+ 36. Rxc1 Rxc1+ 37. Kf2 Rb1 38. Rc2 Kb7 39. Rc7+ Kb6 40. Rxf7 Rb2+ 41. Kg3 Bc4 42. Rf8 Kc6 43. Rc8+ Kd5 44. Bb4 Kd4 45. f4 Kd3 46. Rc6 Bd5 47. Rxa6 Rxg2+ 48. Kh3 Rf2 49. Kg3 Ra2 50. Kh4 Rxh2+ 51. Kg5 Be4 52. Rxe6 Rh5+ 53. Kf6 Rf5+ 54. Kxg6 Rxe5+ 55. Kf6 Rf5+ 56. Ke7 Rxf4 57. Rd6+ Kc4 58. Rd8 Bh1 59. Rc8+ Kb5 60. Kd6 Rf6+ 61. Ke5 Ra6 62. Kd4 Ra8 63. Rc5+ Ka4 64. Kc4 Bg2 65. Rc7 Bh1 1/2-1/2

[Event "Reykjavik op"]
[Site "Reykjavik"]
[Date "2023.03.29"]
[Round "1"]
[White "Finnsson, Johann Arnar"]
[Black "Jonatansson, Sigurdur Freyr"]
[Result "1-0"]
[WhiteElo "1874"]
[BlackElo "1551"]
[PlyCount "67"]
[EventDate "2023.03.29"]
[EventType "swiss"]
[EventRounds "9"]
[EventCountry "ISL"]
[SourceTitle "CBM 213 Extra"]
[Source "ChessBase"]
[SourceDate "2023.05.31"]
[SourceVersion "1"]
[SourceVersionDate "2023.05.31"]
[SourceQuality "1"]

1. c4 Nf6 2. g3 g6 3. Bg2 Bg7 4. e4 d6 5. Ne2 Nc6 6. Nbc3 Ne5 7. d4 Nxc4 8. Qa4+ Bd7 9. Qxc4 0-0 10. 0-0 a6 11. h3 Qc8 12. Kh2 b5 13. Qd3 Rb8 14. Bg5 b4 15. Bxf6 bxc3 16. Bxg7 cxb2 17. Bxf8 bxa1Q 18. Rxa1 Kxf8 19. Qc3 f6 20. Rc1 c6 21. e5 d5 22. exf6 exf6 23. Nf4 Qb7 24. Qc5+ Kf7 25. Nxd5 Be6 26. Nf4 Bxa2 27. Qxc6 Qxc6 28. Rxc6 Rb2 29. Rxa6 Rxf2 30. Ra7+ Kg8 31. Kg1 Rd2 32. Rxa2 Rxd4 33. Ra7 g5 34. Bd5+ 1-0

[Event "ISL-ch Online Rapid"]
[Site "Tornelo INT"]
[Date "2020.12.26"]
[Round "1"]
[White "Jonatansson, Sigurdur Freyr"]
[Black "Mai, Alexander Oliver"]
[Result "0-1"]
[WhiteElo "1542"]
[BlackElo "2153"]
[PlyCount "48"]
[EventDate "2020.12.26"]
[EventType "tourn (rapid)"]
[EventRounds "7"]
[EventCountry "ISL"]
[SourceTitle "CBM 199 Extra"]
[Source "ChessBase"]
[SourceDate "2021.01.31"]
[SourceVersion "1"]
[SourceVersionDate "2021.01.31"]
[SourceQuality "1"]

1. e4 c5 2. Nf3 e6 3. d4 cxd4 4. Nxd4 Nc6 5. Nb3 Nf6 6. Nc3 Bb4 7. Bd2 0-0 8. Bd3 d5 9. exd5 exd5 10. 0-0 Bg4 11. f3 Bh5 12. Re1 Qd7 13. Nb5 Be7 14. N3d4 Bc5 15. Be3 Rfe8 16. Kh1 Rxe3 17. Rxe3 Nxd4 18. Bxh7+ Kxh7 19. Nxd4 Bg6 20. Rc3 Bd6 21. Qe1 Kg8 22. Qh4 Be7 23. Re1 Ne4 24. Qg4 Nf2+ 0-1

[Event "Reykjavik TR U2000 op"]
[Site "Reykjavik"]
[Date "2017.11.22"]
[Round "6"]
[White "Johannsson, Birkir Isak"]
[Black "Jonatansson, Sigurdur Freyr"]
[Result "1/2-1/2"]
[WhiteElo "1678"]
[BlackElo "1645"]
[PlyCount "100"]
[EventDate "2017.10.11"]
[EventType "swiss"]
[EventRounds "7"]
[EventCountry "ISL"]
[SourceTitle "CBM 181 Extra"]
[Source "ChessBase"]
[SourceDate "2017.12.12"]
[SourceVersion "1"]
[SourceVersionDate "2017.12.12"]
[SourceQuality "1"]

1. d4 Nf6 2. c4 g6 3. Nc3 Bg7 4. e4 d6 5. h3 0-0 6. Bg5 Qe8 7. Nf3 e5 8. d5 h6 9. Be3 Nh5 10. Qd2 Nf4 11. g3 Nh5 12. Bxh6 a6 13. Be3 Nd7 14. Be2 f5 15. 0-0-0 f4 16. gxf4 exf4 17. Bd4 Nhf6 18. Ng5 Ne5 19. h4 Nfg4 20. f3 Nf6 21. Qxf4 Nxd5 22. Qd2 Nf4 23. Nd5 Nxd5 24. exd5 c5 25. dxc6 Qxc6 26. Qc3 Bh6 27. Rdf1 Bf5 28. f4 Bxg5 29. hxg5 Qe4 30. fxe5 dxe5 31. Bxe5 Qb1+ 32. Kd2 Rad8+ 33. Bd4 Qe4 34. Rh8+ Kf7 35. Rh7+ Ke8 36. Re1 Rxd4+ 37. Bd3 Rxd3+ 38. Qxd3 Qxe1+ 39. Kxe1 Bxd3 40. Rxb7 Rf1+ 41. Kd2 Bxc4 42. Rb6 Kf7 43. b3 Be6 44. Rxa6 Rf5 45. Ra7+ Ke8 46. Ra6 Kd7 47. Ra7+ Kd8 48. Ra6 Ke7 49. Ra7+ Kd6 50. Ra6+ Ke7 1/2-1/2

[Event "Reykjavik TR U2000 op"]
[Site "Reykjavik"]
[Date "2017.10.11"]
[Round "1"]
[White "Jonatansson, Sigurdur Freyr"]
[Black "Thorisson, Benedikt"]
[Result "1-0"]
[WhiteElo "1645"]
[BlackElo "1097"]
[PlyCount "65"]
[EventDate "2017.10.11"]
[EventType "swiss"]
[EventRounds "7"]
[EventCountry "ISL"]
[SourceTitle "CBM 181 Extra"]
[Source "ChessBase"]
[SourceDate "2017.12.12"]
[SourceVersion "1"]
[SourceVersionDate "2017.12.12"]
[SourceQuality "1"]

1. e4 c5 2. Nf3 e6 3. d4 cxd4 4. Nxd4 a6 5. Nc3 Qc7 6. a3 Nc6 7. Nf3 Nf6 8. Bd3 b5 9. 0-0 Bc5 10. h3 0-0 11. Re1 d6 12. Bf4 Nh5 13. Bh2 Qb6 14. Qd2 b4 15. Na4 Qa7 16. Nxc5 Qxc5 17. Be2 Rd8 18. Ng5 Nf6 19. Bd3 Bb7 20. axb4 Nxb4 21. e5 Qd5 22. Nf3 dxe5 23. Qxb4 Nd7 24. Be4 Qc5 25. Qxb7 f5 26. Bc6 Ra7 27. Qb3 Qxc6 28. Bxe5 Rb7 29. Qc3 Nxe5 30. Qxe5 Re8 31. Nd4 Qc8 32. Nxf5 Rf7 33. Nd6 1-0